000 00564nam a22001931a 4500
001 11687
003 OSt
005 20260204212251.0
008 130507s2001||||ck ||||||b||||||||||spa||
020 _a9789582006204
050 _a371.3 Z82p
100 _aZuberia Sampier, Julian de
245 _aDe la escuela nueva al contructivismo: un analisis critico / Julian de Zuberia Sampier
264 _aColombia : Cooperativa Editorial Magisterio
300 _a246 P
500 _aIncluye bibliografia
650 _aDIDACTICA - EDUCACION I-TITÌ
942 _2ddc
_cBK
999 _c11687
_d11687